MARC

LEADER 00000nam0a2200000 4500
001 191926
005 20231101224402.0
035 |a (RuTPU)RU\TPU\book\209291 
090 |a 191926 
100 |a 20110215d2007 m y0rusy50 ca 
101 0 |a rus 
102 |a RU 
105 |a y j 001zy 
200 1 |a Методы научного исследования  |e учебное пособие для вузов  |f М. П. Завьялова  |g Томский политехнический университет (ТПУ), Институт дистанционного образования (ИДО) 
210 |a Томск  |c Изд-во ТПУ  |d 2007 
215 |a 160 с. 
320 |a Библиогр.: с. 154-157. 
320 |a Словарь понятий: c. 141-153. 
606 1 |a Научные исследования  |x Методика  |2 stltpush  |3 (RuTPU)RU\TPU\subj\67927  |9 83519 
610 1 |a наука 
610 1 |a научно-исследовательская деятельность 
610 1 |a научно-исследовательские разработки 
610 1 |a научно-исследовательские проекты 
610 1 |a познание 
610 1 |a философский анализ 
610 1 |a методология 
610 1 |a философия 
610 1 |a структура 
610 1 |a этапы 
610 1 |a уровни 
610 1 |a научный метод 
610 1 |a эмпирическое знание 
610 1 |a теоретическое знание 
610 1 |a социальные науки 
610 1 |a гуманитарные науки 
610 1 |a дистанционное обучение 
610 1 |a труды учёных ТПУ 
610 1 |a учебные пособия 
610 1 |a методика 
610 1 |a исследование 
686 |a Ч215.3я73  |v LBC/SL-A  |2 rubbk 
700 1 |a Завьялова  |b М. П.  |c российский философ  |c профессор Томского политехнического университета, доктор философских наук  |c заслуженный деятель Высшей школы Российской Федерации  |c академик МАН ВШ  |f 1939-  |g Маргарита Павловна  |2 stltpush  |3 (RuTPU)RU\TPU\pers\25780 
712 0 2 |a Томский политехнический университет (ТПУ)  |b Институт дистанционного образования (ИДО)  |2 stltpush  |3 (RuTPU)RU\TPU\col\12625 
801 1 |a RU  |b 63413507  |c 20110215 
801 2 |a RU  |b 63413507  |c 20150902  |g RCR 
942 |c BK